guess the kpop idol ! - Statistics

General Stats
  • This quiz has been taken 360 times
  • The average score is 8 of 12
Answer Stats
Picture Answer % Correct
yeji
88%
soyeon
84%
san
81%
karina
80%
yunjin
79%
dahyun
73%
mark
72%
wonwoo
60%
seulgi
48%
doyoung
41%
isa
35%
q
31%
No matching quizzes found
Score Distribution
Percent of People with Each Score
Percentile by Number Answered
Your Score History
You have not taken this quiz